000 03018cam a2200421 i 4500
999 _c718
_d718
001 17946629
003 GZU
005 20200911100043.0
008 131119s2014 enka b 001 0 eng d
010 _a 2013955750
015 _aGBB386638
_2bnb
016 7 _a016503034
_2Uk
020 _a9780199685387 (hbk.)
020 _a019968538X (hbk.)
035 _a(OCoLC)ocn881738282
040 _aStDuBDS
_beng
_cUkCU
_erda
_dOCLCO
_dOClW-LL
_dUk
_dCSt-Law
_dNeAU
_dCLU
_dDLC
042 _alccopycat
050 0 0 _aK3830
_b.F686 2014
082 0 4 _a346.092
_223
245 0 4 _aThe foundations of international investment law :
_bbringing theory into practice /
_cedited by Zachary Douglas, Joost Pauwelyn and Jorge E. Viñuales.
250 _aFirst edition.
264 1 _aOxford, United Kingdom :
_bOxford University Press,
_c2014.
300 _axliii, 541 pages :
_billustrations ;
_c24 cm
336 _atext
_btxt
_2rdacontent
337 _aunmediated
_bn
_2rdamedia
338 _avolume
_bnc
_2rdacarrier
504 _aIncludes bibliographical references and index.
505 0 0 _tRational design or accidental evolution? The emergence of international investment law /
_rJoost Pauwelyn --
_tThe nature of investment disciplines /
_rUrsula Kriebaum --
_tAnalogies and other regimes of international law /
_rMartins Paparinskis --
_tOrdering paradigms in international investment law : bilateralism, multilateralism, multilateralization /
_rStephan W. Schill --
_tThe sociology of international investment law /
_rMoshe Hirsch --
_tThe scope and limits of trade's influence in shaping the evolving international investment regime /
_rMark Wu --
_tThe sources of foreign investment law /
_rFlorian Grisel --
_tNo right without a remedy : foundations of investor-state arbitration /
_rSergio Puig --
_tBuilding legitimacy through interpretation in investor-state arbitration : on consistency, coherence, and the identification of applicable law /
_rJürgen Kurtz --
_tAgainst consistency in investment arbitration /
_rThomas Schultz --
_tSovereignty in foreign investment law /
_rJorge E. Viñuales --
_tProperty, investment, and the scope of investment protection obligations /
_rZachary Douglas --
_tControl mechanisms in international investment law /
_rAnne van Aaken --
_tThe balancing (and unbalancing?) of interests in international investment law and arbitration /
_rAlex Mills --
_tDifferentiating among international investment disputes /
_rJulie A. Maupin --
_tCoordinating adjudication processes /
_rMichael Waibel.
650 0 _aInvestments, Foreign
_xLaw and legislation.
650 0 _aInvestments, Foreign (International law)
700 1 _aDouglas, Zachary,
_eeditor.
700 1 _aPauwelyn, Joost,
_eeditor.
700 1 _aViñuales, Jorge E.,
_eeditor.
856 4 1 _3Table of contents only
_uhttp://www.loc.gov/catdir/toc/fy14pdf02/2013955750.html
906 _a7
_bcbc
_ccopycat
_d2
_encip
_f20
_gy-gencatlg
942 _2lcc
_cBK
_h3830
_iFOU
_kK
_m2014